|
|
|
|
| LEADER |
04151nam a22003853i 4500 |
| 001 |
EBC5927354 |
| 003 |
MiAaPQ |
| 005 |
20231204023214.0 |
| 006 |
m o d | |
| 007 |
cr cnu|||||||| |
| 008 |
231204s2019 xx o ||||0 eng d |
| 020 |
|
|
|a 9783030214289
|q (electronic bk.)
|
| 020 |
|
|
|z 9783030214272
|
| 035 |
|
|
|a (MiAaPQ)EBC5927354
|
| 035 |
|
|
|a (Au-PeEL)EBL5927354
|
| 035 |
|
|
|a (OCoLC)1111776867
|
| 040 |
|
|
|a MiAaPQ
|b eng
|e rda
|e pn
|c MiAaPQ
|d MiAaPQ
|
| 050 |
|
4 |
|a PN4699-5650
|
| 100 |
1 |
|
|a Kotisová, Johana.
|
| 245 |
1 |
0 |
|a Crisis Reporters, Emotions, and Technology :
|b An Ethnography.
|
| 250 |
|
|
|a 1st ed.
|
| 264 |
|
1 |
|a Cham :
|b Springer International Publishing AG,
|c 2019.
|
| 264 |
|
4 |
|c {copy}2019.
|
| 300 |
|
|
|a 1 online resource (244 pages)
|
| 336 |
|
|
|a text
|b txt
|2 rdacontent
|
| 337 |
|
|
|a computer
|b c
|2 rdamedia
|
| 338 |
|
|
|a online resource
|b cr
|2 rdacarrier
|
| 505 |
0 |
|
|a Crisis Reporters, Emotions, and Technology -- Preface -- Acknowledgments -- Funding -- Contents -- List of Figures -- Chapter 1: An Introduction to Crisis Reporting: Setting Out -- State of the Art -- Vague Ideas of Crisis, Emotions, Technology -- Emotions in Crisis Coverage -- Objections to Objectivity: Emotionality and Professionalism -- Journalists' Emotional Labor and Trauma -- References -- Chapter 2: Defining a Crisis: Boarding -- The Polyphonic Nature of "Crisis" Within "Crisis Reporting" -- Inside-the-Media Is Outside-the-Media Crisis -- Crisis Outside Is Inside a Journalist -- The Crisis Out There Is a Locally Lived Moment Is a Global State -- Typologies of Crisis Moments -- Belgium, Czechia, and the Closeness of a Crisis -- Individual Tragedies Within the Broader Picture -- The World and Journalism After September 11, 2008, 2011, 2014, 2015, and 1750 -- Crisis Is Media-Constructed Is Real -- An Overview -- References -- Chapter 3: The Emotional Experience of Crisis Reporters: The Journey -- Bored in a News Hole -- Emotionally Engaged -- Identified -- Parenting -- Moral Dilemmas and Guilt -- Danger and Fear -- Waging Diffused Wars -- Cynics, Stoics, and Brokens -- Emotion Postponed and Accumulated -- Brokens -- Cynics and Kynics: Pissing Against the Idealist Wind -- Stoics -- Coping Strategies -- An Overview -- References -- Chapter 4: Articulating Journalists' Emotional Experiences of Crisis: Touching Down -- Newsmaking Machine -- Technologies of Production: Practices, Devices, and the Surreal -- Same Principles, Different Practices -- Mediators Matter -- The Sense of Surreal -- Technologies of Sign Systems: Output Emotions -- "The Right Dose" of Emotion -- "No Torn Children's Life Jackets": Taste, Organization, and Moral Commitment -- Technologies of Power: Discipline and Publish -- Professional Ideology and Its Critique.
|
| 505 |
8 |
|
|a Professional Ideology and Cynicisms -- "You Can't Leave Your Journalists Alone with Their Feelings": Organizational Identities -- Technologies of the Self -- Looking Through an Ideal Screen -- Information and Linguistics -- Metaphor of Emotional Robots -- An Overview -- References -- Chapter 5: Emotions, Technology, and Crisis Reconsidered: Ending -- Long Story Short -- Technology -- Emotions -- Crisis -- Emotions, Technology, and Crisis Reconsidered -- Emotions -- Technology -- Crisis -- (Extra) Media Action? -- References -- Chapter 6: Creative Nonfiction and the Research Method -- Correction to: Crisis Reporters, Emotions, and Technology -- Postscript: Travel Slow and Light -- On Our Way -- Index.
|
| 588 |
|
|
|a Description based on publisher supplied metadata and other sources.
|
| 590 |
|
|
|a Electronic reproduction. Ann Arbor, Michigan : ProQuest Ebook Central, 2023. Available via World Wide Web. Access may be limited to ProQuest Ebook Central affiliated libraries.
|
| 655 |
|
4 |
|a Electronic books.
|
| 776 |
0 |
8 |
|i Print version:
|a Kotisová, Johana
|t Crisis Reporters, Emotions, and Technology
|d Cham : Springer International Publishing AG,c2019
|z 9783030214272
|
| 797 |
2 |
|
|a ProQuest (Firm)
|
| 856 |
4 |
0 |
|u https://ebookcentral.proquest.com/lib/matrademy/detail.action?docID=5927354
|z Click to View
|